Печаль полей. Сб.1 (Запись № 13486454)

Подробности
000 -МАРКЕР
контрольное поле 01960nam2a22003491 4500
001 - ИДЕНТИФИКАТОР ЗАПИСИ
контрольное поле RU\NLR\A1SV\106281
005 - ИДЕНТИФИКАТОР ВЕРСИИ
контрольное поле 20251203152403.2
035 ## - ДРУГИЕ СИСТЕМНЫЕ НОМЕРА
Идентификатор записи (NLR Aleph) 009787634
100 ## - ДАННЫЕ ОБЩЕЙ ОБРАБОТКИ
Данные общей обработки 20100826d1922 u y0rusy50 ca
101 0# - ЯЗЫК РЕСУРСА
Язык текста, звукозаписи и т.д. русский
200 0# - ЗАГЛАВИЕ И СВЕДЕНИЯ ОБ ОТВЕТСТВЕННОСТИ
Основное заглавие Сб.1
215 ## - ФИЗИЧЕСКАЯ ХАРАКТЕРИСТИКА
Специфическое обозначение материала и объем 192 с.
327 0# - ПРИМЕЧАНИЯ О СОДЕРЖАНИИ
Текст примечания Авт.: В.Мечтатель, Петр Орешин, Василий Блинков, Иван Ерошин, С.Гусев-Оренбургский, Иосиф Левин, Евгений Замятин, Нина Смирнова, П.П.Маслов, В.А.Анисимов, Я.Я.Петрович
461 #1 - УРОВЕНЬ НАБОРА
Встроенное поле 001RU\NLR\A1SV\106280
-- 2000#$aПечаль полей$e[Рассказы, стихи, ст. и офиц. материалы]$vСб.1
Системный номер (АБИС) связанной записи 10123145
Место публикации Чита
Дата публикации 1922
Имя издателя, распространителя и т.д. Центр. д.-в. ком. обществ. организаций по оказанию помощи голодающим России
Сведения, относящиеся к заглавию [Рассказы, стихи, ст. и офиц. материалы]
Заглавие Печаль полей
Номер тома Сб.1
702 #1 - ИМЯ ЛИЦА - ВТОРИЧНАЯ ОТВЕТСТВЕННОСТЬ
Графика поля Кириллица
Материалы, к которым относится поле rus
Начальный элемент ввода Левин
Часть имени, кроме начального элемента ввода В. М.
Дополнения к именам, кроме дат поэт, литератор
Даты 1892-1953
Расширение инициалов личного имени Вениамин Михайлович
Системный номер авторитетной/нормативной записи 253640
Идентификатор авторитетной/нормативной записи RU\NLR\AUTH\770253696
702 #1 - ИМЯ ЛИЦА - ВТОРИЧНАЯ ОТВЕТСТВЕННОСТЬ
Начальный элемент ввода Орешин
Часть имени, кроме начального элемента ввода П.В.
Даты 1887-1938
Расширение инициалов личного имени Петр Васильевич
702 #1 - ИМЯ ЛИЦА - ВТОРИЧНАЯ ОТВЕТСТВЕННОСТЬ
Начальный элемент ввода Блинков
Часть имени, кроме начального элемента ввода В.
Расширение инициалов личного имени Василий
702 #1 - ИМЯ ЛИЦА - ВТОРИЧНАЯ ОТВЕТСТВЕННОСТЬ
Начальный элемент ввода Ерошин
Часть имени, кроме начального элемента ввода И.Е.
Даты 1894-1965
Расширение инициалов личного имени Иван Евдокимович
702 #1 - ИМЯ ЛИЦА - ВТОРИЧНАЯ ОТВЕТСТВЕННОСТЬ
Начальный элемент ввода Гусев-Оренбургский
Часть имени, кроме начального элемента ввода С.И.
Даты 1867-1963
Расширение инициалов личного имени Сергей Иванович
702 #1 - ИМЯ ЛИЦА - ВТОРИЧНАЯ ОТВЕТСТВЕННОСТЬ
Начальный элемент ввода Левин
Часть имени, кроме начального элемента ввода И.
Расширение инициалов личного имени Иосиф
702 #1 - ИМЯ ЛИЦА - ВТОРИЧНАЯ ОТВЕТСТВЕННОСТЬ
Начальный элемент ввода Замятин
Часть имени, кроме начального элемента ввода Е.И.
Даты 1884-1937
Расширение инициалов личного имени Евгений Иванович
702 #1 - ИМЯ ЛИЦА - ВТОРИЧНАЯ ОТВЕТСТВЕННОСТЬ
Начальный элемент ввода Смирнова
Часть имени, кроме начального элемента ввода Н.
Расширение инициалов личного имени Нина
702 #1 - ИМЯ ЛИЦА - ВТОРИЧНАЯ ОТВЕТСТВЕННОСТЬ
Начальный элемент ввода Маслов
Часть имени, кроме начального элемента ввода П.П.
Даты 1867-1946
Расширение инициалов личного имени Петр Павлович
702 #1 - ИМЯ ЛИЦА - ВТОРИЧНАЯ ОТВЕТСТВЕННОСТЬ
Начальный элемент ввода Анисимов
Часть имени, кроме начального элемента ввода В.А.
702 #1 - ИМЯ ЛИЦА - ВТОРИЧНАЯ ОТВЕТСТВЕННОСТЬ
Начальный элемент ввода Петрович
Часть имени, кроме начального элемента ввода Я.Я.
801 #0 - ИСТОЧНИК ЗАПИСИ
Страна Российская Федерация
Организация NLR
Дата составления 20100826
852 ## - МЕСТОНАХОЖДЕНИЕ И ШИФР ХРАНЕНИЯ
Идентификатор организации NLR
Шифр хранения (Call Number) 57-3/3262
942 ## - ДОПОЛНИТЕЛЬНЫЕ ЭЛЕМЕНТЫ ЗАПИСИ (АБИС)
Тип экземпляра АБИС Книга
980 ## - КОЛЛЕКЦИЯ
Название коллекции Международный сводный каталог русской книги (1918-1926)
980 ## - КОЛЛЕКЦИЯ
Название коллекции Национальная библиография

Нет доступных экземпляров.